| 000 | 00985nam a22002537a 4500 | ||
|---|---|---|---|
| 005 | 20260612101339.0 | ||
| 008 | 260612s2025 |||||||| |||| 00| 0 eng d | ||
| 020 | _a9789819667024 | ||
| 040 | _cPK-LaUMT | ||
| 082 |
_a610.28563 _bKUM-A |
||
| 100 | 1 |
_aKumar, Ashish _912802 |
|
| 245 | 1 | 0 |
_aArtificial intelligence in modern healthcare system / _cAshish Kumar and Divya Singh |
| 260 |
_aSingapore : _bSpringer, _c2025 |
||
| 300 | _axxi, 376 p. | ||
| 490 | _aTransactions on computer systems and networks | ||
| 500 | _aIncludes bibliographical references. | ||
| 520 | _aThe book explores advancements in medical system design through the use of recent technologies, particularly artificial intelligence.It analyzes the accuracy of predictions suitable for real-time deployment of these methodologies | ||
| 546 | _aEng | ||
| 650 | _aArtificial intelligence | ||
| 650 | _aMachine learning | ||
| 650 |
_aHealth services _911297 |
||
| 700 | 1 |
_aSingh, Divya _912803 |
|
| 942 | _cBK | ||
| 999 |
_c141154 _d141154 |
||